Statistics for These Happy Golden Years

Click here to take the quiz!

General Stats

  • This quiz has been taken 9 times
  • The average score is 8 of 10

Answer Stats

QuestionAnswer% Correct
Who does Laura marry?Almanzo
100%
What happened on the night before Christmas?Almanzo came back from his father's house
100%
Why did Laura go to singing school?To practice singing
100%
What color dress was Laura married in?Black
80%
Where did Mary come home from?College for the blind
80%
Who is Laura's best friend?Ida
80%
Why does Laura go to Brewsters Settlement?To teach school
80%
What are Almanzo's best horses called?Prince and Lady
60%
What was Royal sick with?influenza
40%
Why did the superintendent visit Laura?To tell the students to keep their feet warm
40%

Score Distribution

Percentile by Number Answered

Percent of People with Each Score

Your Score History

You have not taken this quiz